A Treatise on PHYSICAL CHEMISTRY V.I
| Main Authors: | , |
|---|---|
| Format: | Section = Libro |
| Language: | Undetermined Spanish |
| Published: |
UNITED STATED
D.Van Nostrand Company
1924
|
| Edition: | 1a.ed |
| Subjects: |
| LEADER | 00583nam a2200217Ia 4500 | ||
|---|---|---|---|
| 008 | 240830s9999 xx 000 0 und d | ||
| 040 | |a CEDOC FIQ-RUSB / 547 T238 | ||
| 041 | |a spa | ||
| 082 | |a 547 T238 | ||
| 100 | 1 | |a Taylor. Hugh S. | |
| 100 | 1 | |b Glasstone, Samuel | |
| 245 | 1 | 2 | |a A Treatise on PHYSICAL CHEMISTRY V.I |
| 250 | |a 1a.ed | ||
| 260 | |a UNITED STATED |b D.Van Nostrand Company |c 1924 | ||
| 300 | |a 679 p. :il. | ||
| 650 | 7 | |a QUÍMICA ORGÁNICA | |
| 650 | 7 | |b EL CONCEPTO ATÓMICO DE LA MATERIA | |
| 650 | 7 | |c CUÁNTICO | |
| 942 | |c BK |2 ddc | ||
| 991 | |a TEXTO | ||
| 999 | |c 14012 | ||